000 00818nam a2200241Ia 4500
003 URS
005 20240702222525.0
008 200204t2019 ph 000 0 eng d
020 _a9786210400052
040 _cDLC
_erda
_aDLC
_beng
_dDLC
_dURS
082 _a375.001
_bP2895 2019
100 1 _aPawilen, Greg Tabios.
245 1 4 _aThe teacher and the school curriculum :
_ba guide to curriculum development practice /
_cGreg Tabios Pawilen.
264 1 _aManila :
_bPublished and distributed by Rex Book Store,
_c[2019]
264 1 _cc2019
300 _ax, 155 pages ;
_c25 cm
336 _atext
_2rdacontent
_btxt
337 _aunmediated
_2rdamedia
_bn
338 _avolume
_2rdacarrier
_bnc
504 _aIncludes bibliographical references (page 147) and indexes.
650 0 _aCurriculum planning.
942 _cF
_2ddc
999 _c57023
_d57023